000 00643nam a22001815i 4500
001 156192
003 ES-MaACL
005 20250831025556.0
008 040729s1875 fr |||| | fre d
040 _aCAM
_bspa
_cCAM
100 1 _aJacob, A.
_9146874
245 1 3 _aLa question religieuse contemporaine dans ses rapports avec la politique de la France /
_cpar M.A. Jacob.
260 _aParis :
_bSandoz et Fischbacher,
_c1875 (
_eSaint-Denis :
_fImprimerie J. Brochin)
300 _a268 p. ;
_c19 cm.
650 4 _aIglesia y Estado-
_zFrancia-
_yS.XIX
_913564
852 _aES-MaACL
_jD-4621
_z-- RĂºst.
999 _c156192
_d156192